[Event "George Trundle Qualifiers 2016"]
[Site "Auckland"]
[Date "2016.07.11"]
[Round "3.1"]
[White "Fan, Allen Chi Zhou"]
[Black "Ang, Alphaeus Wei Ern"]
[Result "0-1"]
[LiveChessVersion "1.4.8"]
[BlackElo "2087"]
[WhiteElo "1843"]

1. Nf3 {[%clk 1:30:47]} Nf6 {[%clk 1:30:53]} 2. c4 {[%clk 1:31:11]} g6
{[%clk 1:31:16]} 3. g3 {[%clk 1:31:35]} Bg7 {[%clk 1:31:39]} 4. Bg2
{[%clk 1:32:00]} d6 {[%clk 1:31:58]} 5. Nc3 {[%clk 1:32:25]} O-O {[%clk 1:32:18]}
6. O-O {[%clk 1:32:50]} e5 {[%clk 1:32:18]} 7. d3 {[%clk 1:33:16]} Nc6
{[%clk 1:32:02]} 8. Rb1 {[%clk 1:33:41]} a5 {[%clk 1:31:54]} 9. a3
{[%clk 1:34:07]} Bg4 {[%clk 1:25:43]} 10. b4 {[%clk 1:34:06]} axb4
{[%clk 1:25:31]} 11. axb4 {[%clk 1:34:29]} Re8 {[%clk 1:20:23]} 12. Nd2
{[%clk 1:34:11]} Qd7 {[%clk 1:14:38]} 13. b5 {[%clk 1:31:08]} Nd8
{[%clk 1:13:26]} 14. Nd5 {[%clk 1:30:27]} Nxd5 {[%clk 1:10:38]} 15. cxd5
{[%clk 1:29:45]} Bh3 {[%clk 1:08:22]} 16. b6 {[%clk 1:25:50]} Bxg2
{[%clk 1:07:50]} 17. Kxg2 {[%clk 1:26:13]} c6 {[%clk 1:07:27]} 18. Qb3
{[%clk 1:25:49]} cxd5 {[%clk 0:51:40]} 19. Qxd5 {[%clk 1:25:32]} Qe6
{[%clk 0:50:34]} 20. Qb5 {[%clk 1:19:28]} Nc6 {[%clk 0:50:06]} 21. Nc4
{[%clk 1:15:06]} Nd4 {[%clk 0:39:57]} 22. Qb4 {[%clk 1:12:52]} d5
{[%clk 0:35:11]} 23. Nd6 {[%clk 1:07:18]} Bf8 {[%clk 0:28:57]} 24. Nxe8
{[%clk 1:07:10]} Bxb4 {[%clk 0:28:53]} 25. Nc7 {[%clk 1:07:30]} Qxb6
{[%clk 0:23:36]} 26. Nxa8 {[%clk 1:07:43]} Qa5 {[%clk 0:23:14]} 27. Bh6
{[%clk 1:06:57]} Nf5 {[%clk 0:22:00]} 28. Ra1 {[%clk 1:06:43]} Ba3
{[%clk 0:18:22]} 29. Bc1 {[%clk 1:06:08]} Qxa8 {[%clk 0:18:35]} 30. Bxa3
{[%clk 1:04:26]} b5 {[%clk 0:13:57]} 31. Bb2 {[%clk 1:03:07]} Qb8
{[%clk 0:12:14]} 32. Ra5 {[%clk 1:02:30]} d4 {[%clk 0:10:52]} 33. Rfa1
{[%clk 1:01:48]} Kg7 {[%clk 0:10:55]} 34. Ra8 {[%clk 0:59:23]} Qc7
{[%clk 0:10:08]} 35. Bc1 {[%clk 0:55:31]} b4 {[%clk 0:09:17]} 36. R8a2
{[%clk 0:55:28]} Ne7 {[%clk 0:05:19]} 37. Rb2 {[%clk 0:54:36]} Nd5
{[%clk 0:04:40]} 38. Bd2 {[%clk 0:54:09]} Qc5 {[%clk 0:03:31]} 39. f3
{[%clk 0:49:07]} Nc3 {[%clk 0:02:21]} 40. Kf2 {[%clk 1:19:04]} f5
{[%clk 0:31:28]} 41. e3 {[%clk 1:10:37]} Qb5 {[%clk 0:28:21]} 42. exd4
{[%clk 1:10:05]} Qxd3 {[%clk 0:22:22]} 43. Ra7+ {[%clk 1:08:16]} Kg8
{[%clk 0:21:38]} 44. Bxc3 {[%clk 1:07:34]} Qxc3 {[%clk 0:21:36]} 45. Rba2
{[%clk 1:05:58]} Qxd4+ {[%clk 0:21:32]} 46. Ke2 {[%clk 1:06:08]} b3
{[%clk 0:20:13]} 47. Ra8+ {[%clk 1:05:42]} Kg7 {[%clk 0:20:32]} 48. R2a7+
{[%clk 1:05:35]} Kh6 {[%clk 0:20:31]} 49. Rb7 {[%clk 1:05:37]} e4
{[%clk 0:18:01]} 50. Raa7 {[%clk 1:03:45]} Qd3+ {[%clk 0:18:02]} 51. Ke1
{[%clk 1:04:01]} Qe3+ {[%clk 0:18:23]} 52. Kd1 {[%clk 1:04:15]} Qxf3+
{[%clk 0:18:46]} 53. Kc1 {[%clk 1:03:59]} Qc3+ {[%clk 0:18:51]} 54. Kd1
{[%clk 1:04:23]} Qc2+ {[%clk 0:18:48]} 55. Ke1 {[%clk 1:04:48]} b2
{[%clk 0:19:01]} 56. Rxh7+ {[%clk 1:05:05]} Kg5 {[%clk 0:19:29]} 57. h4+
{[%clk 1:04:52]} Kg4 {[%clk 0:19:40]} 58. Rhg7 {[%clk 1:05:12]} b1=R#
{[%clk 0:19:53]} 0-1

[Event "George Trundle Qualifiers 2016"]
[Site "Auckland"]
[Date "2016.07.11"]
[Round "3.3"]
[White "Duneas, John"]
[Black "Gibbons, Robert E"]
[Result "1/2-1/2"]
[LiveChessVersion "1.4.8"]
[BlackElo "2008"]
[WhiteElo "2100"]

1. d4 {[%clk 1:30:58]} Nf6 {[%clk 1:19:18]} 2. c4 {[%clk 1:31:15]} e6
{[%clk 1:19:29]} 3. Nf3 {[%clk 1:31:38]} d5 {[%clk 1:19:33]} 4. Nc3
{[%clk 1:31:50]} Be7 {[%clk 1:18:50]} 5. Bg5 {[%clk 1:31:16]} O-O
{[%clk 1:18:33]} 6. e3 {[%clk 1:31:30]} h6 {[%clk 1:18:22]} 7. Bh4
{[%clk 1:31:46]} Ne4 {[%clk 1:17:54]} 8. Bxe7 {[%clk 1:29:46]} Qxe7
{[%clk 1:13:48]} 9. Nxe4 {[%clk 1:28:26]} dxe4 {[%clk 1:14:14]} 10. Nd2
{[%clk 1:28:12]} e5 {[%clk 1:09:08]} 11. d5 {[%clk 1:27:11]} f5 {[%clk 1:07:32]}
12. Qc2 {[%clk 1:22:44]} c6 {[%clk 1:07:07]} 13. O-O-O {[%clk 1:10:17]} Bd7
{[%clk 0:56:34]} 14. d6 {[%clk 1:04:05]} Qxd6 {[%clk 0:53:26]} 15. Nxe4
{[%clk 1:03:29]} Qc7 {[%clk 0:50:02]} 16. Nd6 {[%clk 0:54:33]} c5
{[%clk 0:50:09]} 17. Nb5 {[%clk 0:53:50]} Bxb5 {[%clk 0:45:27]} 18. cxb5
{[%clk 0:54:07]} Nd7 {[%clk 0:44:04]} 19. Bc4+ {[%clk 0:53:51]} Kh8
{[%clk 0:44:33]} 20. Be6 {[%clk 0:53:13]} Nb6 {[%clk 0:43:49]} 21. Bxf5
{[%clk 0:52:59]} Qf7 {[%clk 0:43:35]} 22. g4 {[%clk 0:44:54]} Qxa2
{[%clk 0:43:51]} 23. Rd3 {[%clk 0:31:11]} Qa5 {[%clk 0:35:01]} 24. Rc3
{[%clk 0:26:44]} c4 {[%clk 0:29:57]} 25. h4 {[%clk 0:23:57]} Qxb5
{[%clk 0:21:21]} 26. e4 {[%clk 0:23:10]} Rad8 {[%clk 0:18:31]} 27. g5
{[%clk 0:23:01]} Rd3 {[%clk 0:15:03]} 28. gxh6 {[%clk 0:22:46]} gxh6
{[%clk 0:15:20]} 29. Rxd3 {[%clk 0:07:30]} cxd3 30. Qc7 Qc4+ {[%clk 0:13:28]} 31.
Qxc4 {[%clk 0:07:54]} Nxc4 {[%clk 0:13:48]} 32. b3 {[%clk 0:08:08]} Nd6
{[%clk 0:14:01]} 33. Kd2 {[%clk 0:07:49]} Nxf5 {[%clk 0:14:23]} 34. exf5
{[%clk 0:08:15]} Rxf5 {[%clk 0:14:08]} 35. Ke3 {[%clk 0:08:25]} Rf4
{[%clk 0:12:13]} 36. Rc1 {[%clk 0:07:35]} d2 {[%clk 0:10:04]} 37. Kxd2
{[%clk 0:07:31]} Rxf2+ {[%clk 0:09:59]} 38. Ke3 {[%clk 0:07:43]} Rf7
{[%clk 0:08:50]} 39. Ke4 {[%clk 0:08:03]} Re7 {[%clk 0:08:49]} 40. h5
{[%clk 0:07:00]} Kg7 {[%clk 0:07:55]} 41. Rg1+ {[%clk 0:37:03]} Kf7
{[%clk 0:38:17]} 42. Rf1+ {[%clk 0:36:41]} Ke6 {[%clk 0:37:20]} 43. Rf5
{[%clk 0:36:54]} Kd6 {[%clk 0:37:39]} 44. Rf6+ {[%clk 0:37:12]} Re6
{[%clk 0:37:32]} 45. Rf7 {[%clk 0:37:34]} b6 {[%clk 0:31:17]} 46. Rxa7
{[%clk 0:29:09]} Rf6 {[%clk 0:30:09]} 47. Rg7 {[%clk 0:28:13]} Rf4+
{[%clk 0:30:12]} 48. Ke3 {[%clk 0:28:34]} Rb4 {[%clk 0:29:43]} 49. Rg6+
{[%clk 0:28:37]} Kd5 {[%clk 0:30:10]} 50. Rxh6 {[%clk 0:28:58]} Rxb3+
{[%clk 0:30:12]} 51. Ke2 {[%clk 0:29:15]} b5 {[%clk 0:28:28]} 52. Rb6
{[%clk 0:26:58]} Rb2+ {[%clk 0:20:21]} 53. Ke3 {[%clk 0:26:57]} Rb3+
{[%clk 0:18:55]} 54. Ke2 {[%clk 0:27:04]} 1/2-1/2

[Event "George Trundle Qualifiers 2016"]
[Site "Auckland"]
[Date "2016.07.11"]
[Round "3.4"]
[White "Milligan, Helen"]
[Black "Nyberg, Michael"]
[Result "1-0"]
[LiveChessVersion "1.4.8"]
[BlackElo "1930"]
[WhiteElo "2053"]

1. e4 {[%clk 1:30:57]} e6 {[%clk 1:30:35]} 2. d4 {[%clk 1:31:20]} d5
{[%clk 1:30:58]} 3. Nc3 {[%clk 1:31:45]} Nf6 {[%clk 1:31:10]} 4. e5
{[%clk 1:31:54]} Nfd7 {[%clk 1:31:30]} 5. f4 {[%clk 1:32:05]} c5 {[%clk 1:31:18]}
6. Nf3 {[%clk 1:32:23]} Nc6 {[%clk 1:31:07]} 7. Be3 {[%clk 1:32:40]} b6
{[%clk 1:25:00]} 8. Bb5 {[%clk 1:32:09]} Bb7 {[%clk 1:25:04]} 9. f5
{[%clk 1:28:41]} Be7 {[%clk 1:24:00]} 10. O-O {[%clk 1:25:05]} Nxd4
{[%clk 1:15:54]} 11. Nxd4 {[%clk 1:17:16]} cxd4 {[%clk 1:15:38]} 12. Bxd4
{[%clk 1:17:36]} Bc5 {[%clk 1:09:22]} 13. fxe6 {[%clk 1:14:17]} Bxd4+
{[%clk 1:08:55]} 14. Qxd4 {[%clk 1:14:41]} fxe6 {[%clk 1:09:14]} 15. Rad1
{[%clk 1:09:41]} Qc7 {[%clk 0:35:39]} 16. Ne4 {[%clk 1:01:36]} O-O-O
{[%clk 0:32:30]} 17. Nd6+ {[%clk 1:01:48]} Kb8 {[%clk 0:32:39]} 18. Nf7
{[%clk 0:56:34]} Bc6 {[%clk 0:28:45]} 19. Bxc6 {[%clk 0:54:59]} Qxc6
{[%clk 0:29:07]} 20. Nxh8 {[%clk 0:54:44]} Rxh8 {[%clk 0:29:35]} 21. Rf7
{[%clk 0:54:25]} Rg8 {[%clk 0:27:55]} 22. c4 {[%clk 0:50:59]} Rc8
{[%clk 0:22:02]} 23. cxd5 {[%clk 0:47:32]} exd5 {[%clk 0:21:53]} 24. Qxd5
{[%clk 0:46:44]} Qc5+ {[%clk 0:21:04]} 25. Qxc5 {[%clk 0:46:49]} Nxc5
{[%clk 0:21:19]} 26. Rxg7 {[%clk 0:46:58]} h5 {[%clk 0:20:31]} 27. Rh7
{[%clk 0:47:00]} Ne6 {[%clk 0:18:30]} 28. Rxh5 {[%clk 0:46:23]} Rc2
{[%clk 0:18:48]} 29. Rh8+ {[%clk 0:46:30]} Kb7 {[%clk 0:19:11]} 30. Re8
{[%clk 0:42:49]} Nf4 {[%clk 0:19:10]} 31. e6 {[%clk 0:41:18]} Rxg2+
{[%clk 0:18:51]} 32. Kh1 {[%clk 0:38:40]} Rg6 {[%clk 0:18:08]} 33. e7
{[%clk 0:37:05]} Nh3 {[%clk 0:17:34]} 34. Rf8 {[%clk 0:36:24]} 1-0

[Event "George Trundle Qualifiers 2016"]
[Site "Auckland"]
[Date "2016.07.11"]
[Round "3.5"]
[White "Bennett, Hilton P"]
[Black "Gong, Daniel Hanwen"]
[Result "0-1"]
[LiveChessVersion "1.4.8"]
[BlackElo "2042"]
[WhiteElo "1977"]

1. e4 {[%clk 1:20:54]} e6 {[%clk 1:30:32]} 2. d3 {[%clk 1:20:20]} c5
{[%clk 1:30:04]} 3. Nf3 {[%clk 1:14:55]} Nc6 {[%clk 1:30:12]} 4. g3
{[%clk 1:15:09]} d6 {[%clk 1:27:44]} 5. Bg2 {[%clk 1:15:21]} Be7 {[%clk 1:24:53]}
6. O-O {[%clk 1:12:24]} e5 {[%clk 1:23:51]} 7. h3 {[%clk 1:09:46]} g5
{[%clk 1:20:25]} 8. Nh2 {[%clk 1:02:42]} Be6 {[%clk 1:17:35]} 9. f4
{[%clk 0:57:36]} gxf4 {[%clk 1:17:03]} 10. gxf4 {[%clk 0:57:53]} exf4
{[%clk 1:17:11]} 11. Bxf4 {[%clk 0:57:09]} Qd7 {[%clk 1:16:34]} 12. Ng4
{[%clk 0:51:32]} h5 {[%clk 1:11:40]} 13. Nf2 {[%clk 0:46:25]} O-O-O
{[%clk 1:10:11]} 14. c3 {[%clk 0:39:16]} Bh4 {[%clk 1:07:04]} 15. Qf3
{[%clk 0:33:30]} Nge7 {[%clk 1:06:10]} 16. Nd2 {[%clk 0:27:28]} Ng6
{[%clk 1:04:55]} 17. Bh2 {[%clk 0:16:53]} Rdg8 {[%clk 1:02:46]} 18. d4
{[%clk 0:15:27]} Be7 {[%clk 0:44:38]} 19. Bg3 {[%clk 0:11:17]} Nh4
{[%clk 0:38:44]} 20. Bxh4 {[%clk 0:10:12]} Bxh4 {[%clk 0:39:07]} 21. Kh1
{[%clk 0:03:18]} cxd4 {[%clk 0:36:55]} 22. cxd4 {[%clk 0:03:43]} Nxd4
{[%clk 0:36:39]} 23. Qc3+ {[%clk 0:03:36]} Nc6 {[%clk 0:36:47]} 24. b4
{[%clk 0:02:14]} Kb8 {[%clk 0:36:17]} 25. Rad1 {[%clk 0:02:39]} Rh6
{[%clk 0:34:19]} 26. Nf3 {[%clk 0:02:16]} Bxf2 {[%clk 0:33:26]} 27. Rxf2
{[%clk 0:01:55]} Rg3 {[%clk 0:30:16]} 28. b5 {[%clk 0:01:29]} Ne7
{[%clk 0:28:19]} 29. Qd2 {[%clk 0:01:57]} Rhg6 {[%clk 0:23:35]} 30. Ne5
{[%clk 0:01:12]} dxe5 {[%clk 0:19:09]} 31. Qxd7 {[%clk 0:01:40]} Bxd7
{[%clk 0:19:32]} 32. Rxd7 {[%clk 0:02:00]} Nc8 {[%clk 0:18:36]} 33. Rdxf7
{[%clk 0:01:25]} Nd6 {[%clk 0:18:29]} 34. Re7 {[%clk 0:00:38]} Rg8
{[%clk 0:18:01]} 35. Rxe5 {[%clk 0:01:01]} Nc4 {[%clk 0:18:27]} 36. Ref5
{[%clk 0:00:55]} Ne3 {[%clk 0:17:59]} 37. Rf8+ {[%clk 0:01:23]} Rxf8
{[%clk 0:18:18]} 38. Rxf8+ {[%clk 0:01:51]} Kc7 {[%clk 0:18:38]} 39. Rf3
{[%clk 0:01:02]} Rxg2 {[%clk 0:18:42]} 40. Rxe3 {[%clk 0:31:27]} Rxa2
{[%clk 0:49:07]} 41. e5 {[%clk 0:29:52]} Ra5 {[%clk 0:46:24]} 42. e6
{[%clk 0:29:08]} Kd8 {[%clk 0:46:45]} 43. Re5 {[%clk 0:23:33]} a6
{[%clk 0:45:47]} 44. Rxh5 {[%clk 0:23:50]} Rxb5 {[%clk 0:45:24]} 45. Rh7
{[%clk 0:23:07]} a5 {[%clk 0:44:41]} 46. Kg2 {[%clk 0:03:16]} a4 {[%clk 0:43:36]}
47. Rh8+ {[%clk 0:02:26]} Ke7 {[%clk 0:43:59]} 48. Ra8 {[%clk 0:02:51]} Rb4
{[%clk 0:44:22]} 49. h4 {[%clk 0:02:21]} Rxh4 {[%clk 0:44:17]} 50. Ra7
{[%clk 0:02:40]} Rb4 {[%clk 0:44:44]} 51. Kf2 {[%clk 0:03:04]} Kxe6
{[%clk 0:45:08]} 52. Ke2 {[%clk 0:03:22]} Kd5 {[%clk 0:45:14]} 53. Kd2
{[%clk 0:03:41]} b5 {[%clk 0:44:41]} 54. Kc2 {[%clk 0:03:28]} Rc4+
{[%clk 0:44:49]} 55. Kb2 {[%clk 0:03:45]} Kc5 {[%clk 0:45:14]} 56. Rh7
{[%clk 0:03:14]} Kb4 {[%clk 0:45:36]} 57. Rh2 {[%clk 0:01:01]} a3+
{[%clk 0:44:29]} 58. Ka2 {[%clk 0:01:26]} Ka4 {[%clk 0:44:47]} 59. Rh8
{[%clk 0:00:53]} Rc2+ {[%clk 0:44:49]} 60. Kb1 {[%clk 0:01:05]} Kb3
{[%clk 0:45:06]} 61. Rh1 {[%clk 0:00:36]} b4 {[%clk 0:44:53]} 62. Ka1
{[%clk 0:00:39]} Rc3 {[%clk 0:45:06]} 63. Rb1+ {[%clk 0:00:50]} Ka4
{[%clk 0:44:40]} 64. Rh1 {[%clk 0:01:18]} Rg3 {[%clk 0:42:45]} 65. Rh4
{[%clk 0:01:04]} Kb3 {[%clk 0:39:50]} 66. Rh1 {[%clk 0:01:30]} Kc3
{[%clk 0:38:29]} 67. Rc1+ {[%clk 0:00:48]} Kd2 {[%clk 0:38:17]} 68. Rh1
{[%clk 0:00:45]} b3 {[%clk 0:38:29]} 69. Rh2+ {[%clk 0:00:39]} Kc3
{[%clk 0:38:49]} 70. Rh1 {[%clk 0:00:42]} Re3 {[%clk 0:39:09]} 71. Rb1
{[%clk 0:00:33]} Kd2 {[%clk 0:39:13]} 72. Rg1 {[%clk 0:00:34]} Re1+ 0-1